[Event "?"]
[Site "?"]
[Date "????.??.??"]
[Round "?"]
[White "Krieger, H."]
[Black "Baumgartner, H."]
[Result "0-1"]
[WhiteElo "2218"]
[BlackElo "2303"]
[PlyCount "88"]

1. e4 e5 2. Nf3 Nc6 3. Bb5 a6 4. Ba4 d6 5. O-O Bd7 6. c3 Nf6 7. Re1 Be7 8. d4
O-O 9. Nbd2 exd4 10. cxd4 Nb4 11. Bxd7 Qxd7 12. Qb3 a5 13. d5 Na6 14. Nf1 Nc5
15. Qc2 Rfe8 16. Ng3 Bf8 17. Bd2 g6 18. Rad1 Bg7 19. h3 Qb5 20. Bc3 Nfd7 21.
Nd4 Qa6 22. f4 b5 23. b3 b4 24. Bb2 a4 25. Kh2 axb3 26. axb3 Qb6 27. Ra1 Rxa1
28. Bxa1 Ra8 29. Qc4 Qa6 30. Qxa6 Rxa6 31. e5 dxe5 32. Nc6 Nd3 33. Rd1 Nxf4 34.
Nxb4 Rb6 35. Bc3 f5 36. Ra1 Bf8 37. Ra8 Kf7 38. Nc6 Nxd5 39. Nxe5+ Nxe5 40.
Bxe5 Rxb3 41. Ra7 Ke6 42. Bd4 Bd6 43. Bf2 Rb2 44. Bd4 Rd2 0-1

[Event "?"]
[Site "?"]
[Date "????.??.??"]
[Round "?"]
[White "Titz, H."]
[Black "Kelchner, H."]
[Result "1-0"]
[WhiteElo "2268"]
[BlackElo "2137"]
[PlyCount "53"]
[EventDate "2006.02.24"]

1. c4 Nf6 2. Nc3 e6 3. d4 d5 4. Nf3 Be7 5. Bg5 O-O 6. e3 h6 7. Bh4 b6 8. Rc1
Bb7 9. cxd5 Nxd5 10. Bxe7 Qxe7 11. Bd3 Nb4 12. Bb1 c5 13. a3 cxd4 14. Nxd4 N4c6
15. O-O Nxd4 16. exd4 Rd8 17. Re1 Qh4 18. d5 g6 19. Be4 Na6 20. d6 Nc5 21. Bxb7
Nxb7 22. Ne4 Qf4 23. d7 f5 24. g3 Qb8 25. Qb3 Rxd7 26. Qxe6+ Rf7 27. Qxg6+ 1-0

[Event "?"]
[Site "?"]
[Date "????.??.??"]
[Round "?"]
[White "Winiwarter, F."]
[Black "Betz, E."]
[Result "1-0"]
[WhiteElo "2175"]
[BlackElo "2035"]
[PlyCount "35"]

1. e4 e5 2. Nf3 Nc6 3. Bb5 f5 4. d3 fxe4 5. dxe4 Nf6 6. O-O Bc5 7. Nc3 d6 8.
Bg5 Be6 9. Nd5 O-O 10. Nxf6+ gxf6 11. Bh6 Rf7 12. c3 Ne7 13. Nh4 Kh8 14. Qh5
Qg8 15. Be2 d5 16. exd5 Bxd5 17. Rad1 Qc8 18. Rxd5 1-0

[Event "?"]
[Site "?"]
[Date "????.??.??"]
[Round "?"]
[White "Bukacek, E."]
[Black "Rudnik, H."]
[Result "1-0"]
[WhiteElo "2259"]
[BlackElo "2179"]
[PlyCount "81"]

1. e4 c5 2. Nc3 Nc6 3. f4 g6 4. Nf3 Bg7 5. Bb5 e6 6. Bxc6 bxc6 7. O-O Ne7 8. d3
d5 9. Qe1 Rb8 10. Rb1 Ba6 11. e5 h5 12. Qf2 c4 13. dxc4 Bxc4 14. Rd1 Qc7 15. b3
Ba6 16. Ba3 Ra8 17. Bd6 Qb6 18. Nd4 Nf5 19. Na4 Qb7 20. Nc5 Qc8 21. Nxf5 gxf5
22. Rd2 Bb7 23. Re1 a6 24. Qh4 Bf8 25. Qf6 Rh6 26. Qg5 Rh8 27. Re3 Ra7 28. Rg3
Qd8 29. Qg8 Rxg8 30. Rxg8 Qxd6 31. exd6 Bc8 32. Re2 f6 33. Rh8 Kf7 34. Rh7+ Bg7
35. Rxh5 Kg6 36. Rh3 e5 37. Rg3+ Kf7 38. fxe5 fxe5 39. Rxg7+ Kxg7 40. Rxe5 Kf6
41. Re8 1-0

[Event "?"]
[Site "?"]
[Date "????.??.??"]
[Round "?"]
[White "Harzer, P."]
[Black "Stuerzenbaum, A."]
[Result "1/2-1/2"]
[WhiteElo "2125"]
[BlackElo "2212"]
[PlyCount "28"]

1. d4 Nf6 2. Nf3 g6 3. Bg5 Bg7 4. Nbd2 O-O 5. e4 d5 6. Bxf6 Bxf6 7. exd5 Qxd5
8. Bc4 Qd8 9. c3 Nc6 10. O-O Bg4 11. h3 Bxf3 12. Nxf3 e6 13. Re1 a6 14. Qe2 Re8
1/2-1/2

[Event "?"]
[Site "?"]
[Date "????.??.??"]
[Round "?"]
[White "Hicker, H."]
[Black "Koksch, G."]
[Result "1-0"]
[WhiteElo "2156"]
[BlackElo "2142"]
[PlyCount "73"]

1. d4 e6 2. c4 f5 3. Nc3 Nf6 4. g3 Be7 5. Bg2 O-O 6. Nh3 d6 7. f4 c6 8. Nf2 Qe8
9. O-O Nbd7 10. e4 fxe4 11. Nfxe4 Nxe4 12. Nxe4 d5 13. Nf2 dxc4 14. Qe2 Nb6 15.
a4 a5 16. Ng4 c5 17. dxc5 Bxc5+ 18. Be3 Qe7 19. Ne5 Bxe3+ 20. Qxe3 Qb4 21. Qe2
Nxa4 22. Qxc4 Qb6+ 23. Rf2 Nc5 24. Ra3 a4 25. Rc3 Ra5 26. Qe2 Qc7 27. Qc2 b6
28. Nc4 Ra7 29. Nxb6 Qxb6 30. Rxc5 Bb7 31. Bxb7 Rxb7 32. Rc6 Qe3 33. Kg2 Rb3
34. Qc4 Re8 35. Qxa4 Rd3 36. Rcc2 Qe1 37. Qxe8# 1-0

[Event "?"]
[Site "?"]
[Date "????.??.??"]
[Round "?"]
[White "Duemmke, J."]
[Black "Sattler, F."]
[Result "1-0"]
[WhiteElo "2099"]
[BlackElo "2024"]
[PlyCount "75"]
[EventDate "2006.02.24"]

1. e4 c5 2. Nf3 e6 3. d4 cxd4 4. Nxd4 Nc6 5. Nb5 d6 6. Bf4 e5 7. Be3 a6 8. N5c3
Nf6 9. Nd5 Nxd5 10. Qxd5 Be6 11. Qd1 Rc8 12. Nc3 Be7 13. Be2 O-O 14. O-O Qc7
15. Rc1 Qa5 16. a3 Rfd8 17. Bg4 d5 18. exd5 Bxd5 19. Bxc8 Be6 20. Bxe6 Rxd1 21.
Bxf7+ Kxf7 22. Rcxd1 Nd4 23. Bxd4 exd4 24. Rxd4 Bf6 25. Rd7+ Ke6 26. Rd3 Qb6
27. b4 Qc6 28. Ne4 Qxc2 29. Nc5+ Kf7 30. Rd7+ Kg6 31. Rxb7 Qb2 32. Rb6 Qxa3 33.
Nxa6 Kf5 34. Rd6 Be7 35. Rd5+ Ke4 36. Ra5 Qc3 37. Raa1 Bxb4 38. Ra4 1-0

[Event "?"]
[Site "?"]
[Date "????.??.??"]
[Round "?"]
[White "Crombleholme, A."]
[Black "Johanessen, S."]
[Result "1/2-1/2"]
[WhiteElo "2104"]
[BlackElo "2252"]
[PlyCount "97"]

1. d4 d5 2. Nf3 Nf6 3. c4 dxc4 4. g3 c6 5. Bg2 g6 6. Ne5 Be6 7. Na3 Bg7 8.
Naxc4 O-O 9. O-O Bd5 10. f3 Nfd7 11. Bf4 Bxc4 12. Nxc4 Nb6 13. Ne5 N8d7 14.
Nxd7 Qxd7 15. e3 Nd5 16. Qe1 h6 17. h4 Nxf4 18. gxf4 h5 19. Kh2 Bf6 20. Rd1 e6
21. Qg3 Qe7 22. Kh3 Rfd8 23. Rfe1 Rd7 24. Rc1 Qb4 25. Re2 Rad8 26. Rc5 Kh7 27.
Qe1 Qb6 28. Qa5 Qxa5 29. Rxa5 a6 30. Rc2 Be7 31. a3 Kg7 32. Ra4 Ra8 33. Rac4 a5
34. Bf1 a4 35. Be2 Ra5 36. R4c3 Kf8 37. Kg3 Ke8 38. Rc4 Kd8 39. Rc1 Rb5 40.
R1c2 Rb3 41. R4c3 Rxc3 42. Rxc3 c5 43. Bb5 cxd4 44. Rd3 Rd5 45. Rxd4 Rxd4 46.
exd4 Bf6 47. d5 exd5 48. Bxa4 Bxb2 49. Bb3 1/2-1/2

[Event "?"]
[Site "?"]
[Date "????.??.??"]
[Round "?"]
[White "Edwards, R."]
[Black "Kristiansen, E."]
[Result "1-0"]
[WhiteElo "2093"]
[BlackElo "2232"]
[PlyCount "73"]

1. d4 Nf6 2. c4 g6 3. Nc3 d5 4. cxd5 Nxd5 5. Nf3 Bg7 6. Na4 Nf6 7. g3 b6 8. Bg2
Bb7 9. O-O O-O 10. Re1 Nbd7 11. Nc3 Ne4 12. Qd3 Nxc3 13. bxc3 e5 14. e4 exd4
15. cxd4 c5 16. Bg5 Qe8 17. Rad1 cxd4 18. Nxd4 Nc5 19. Qb1 Bxd4 20. Rxd4 Ne6
21. Rd5 Nxg5 22. Rxg5 Qe7 23. Rb5 Rfe8 24. Rb3 Rac8 25. h4 Rc4 26. Rbe3 Qc5 27.
Qd3 Rd4 28. Qe2 Red8 29. e5 Rd2 30. Qg4 Bc8 31. Qg5 h5 32. Be4 Qf8 33. Rf3 Qg7
34. Rf6 Qh7 35. Bxg6 fxg6 36. Rxg6+ Kf8 37. e6 1-0

[Event "?"]
[Site "?"]
[Date "????.??.??"]
[Round "?"]
[White "Ofstad, P."]
[Black "Singleton, M."]
[Result "1/2-1/2"]
[WhiteElo "2173"]
[BlackElo "2157"]
[PlyCount "100"]

1. e4 c5 2. c3 d5 3. exd5 Qxd5 4. d4 cxd4 5. cxd4 Nc6 6. Nf3 e5 7. Nc3 Bb4 8.
Bd2 Bxc3 9. Bxc3 e4 10. Ne5 Nxe5 11. dxe5 Ne7 12. Qe2 O-O 13. Rd1 Qxa2 14. Qxe4
Bf5 15. Qc4 Be6 16. Qxa2 Bxa2 17. Be2 Nd5 18. Bd4 Nf4 19. g3 Bd5 20. f3 Nxe2
21. Kxe2 Rfe8 22. Kf2 Rac8 23. Bc3 Rcd8 24. Rhe1 Bb3 25. Rd6 Rxd6 26. exd6 Rxe1
27. Bxe1 Be6 28. Ke3 Kf8 29. g4 Ke8 30. g5 Kd7 31. Bg3 a5 32. Kd4 Kc6 33. Be5
g6 34. Bf4 b5 35. Bg3 b4 36. Be5 a4 37. Kd3 Kd5 38. f4 Bf5+ 39. Kd2 Kc4 40. Kc1
Kb3 41. Bd4 Kc4 42. Be5 Kd3 43. Kd1 Bg4+ 44. Kc1 Ke3 45. Kc2 Bf5+ 46. Kd1 a3
47. bxa3 bxa3 48. Kc1 Kf3 49. Kd2 a2 50. Kc1 Be6 1/2-1/2

[Event "?"]
[Site "?"]
[Date "????.??.??"]
[Round "?"]
[White "Salov, S."]
[Black "Littlewood, J."]
[Result "1/2-1/2"]
[WhiteElo "2304"]
[BlackElo "2275"]
[PlyCount "36"]

1. e4 c5 2. Nf3 d6 3. d4 cxd4 4. Nxd4 Nf6 5. Nc3 Nc6 6. Bc4 Qb6 7. Nb3 e6 8.
Bf4 Ne5 9. Be2 Bd7 10. Be3 Qc7 11. f4 Nc4 12. Bxc4 Qxc4 13. Qf3 Be7 14. O-O-O
O-O 15. Nd4 Rfc8 16. e5 Nd5 17. Nxd5 exd5 18. Kb1 dxe5 1/2-1/2

[Event "?"]
[Site "?"]
[Date "????.??.??"]
[Round "?"]
[White "Drebes, G."]
[Black "Macdonald-Ross, M."]
[Result "1/2-1/2"]
[WhiteElo "2061"]
[BlackElo "2207"]
[PlyCount "34"]

1. c4 e6 2. Nc3 d5 3. d4 Be7 4. Nf3 Nf6 5. Bg5 h6 6. Bh4 O-O 7. e3 b6 8. cxd5
Nxd5 9. Bxe7 Qxe7 10. Be2 Bb7 11. O-O Nd7 12. Rc1 c5 13. dxc5 Nxc5 14. Nxd5
Bxd5 15. b3 Rfd8 16. Qc2 Qb7 17. Rfd1 Rac8 1/2-1/2

[Event "?"]
[Site "?"]
[Date "????.??.??"]
[Round "?"]
[White "Kool, G."]
[Black "Dornieden, M."]
[Result "1-0"]
[WhiteElo "2126"]
[BlackElo "2284"]
[PlyCount "61"]

1. Nf3 g6 2. c4 Bg7 3. g3 e5 4. Nc3 Nc6 5. Bg2 Nge7 6. d3 O-O 7. h4 d5 8. cxd5
Nxd5 9. Ng5 Nxc3 10. bxc3 Qd6 11. Bd2 f6 12. Ne4 Qe7 13. Be3 Re8 14. h5 g5 15.
h6 Bf8 16. Qb3+ Kh8 17. Bc5 Qd8 18. Qf7 Be6 19. Bxf8 Bxf7 20. Bg7+ Kg8 21.
Nxf6+ Qxf6 22. Bxf6 g4 23. Rh4 Be6 24. Be4 Rf8 25. Bg7 Rf7 26. Rb1 Nd8 27. Rb5
Bxa2 28. c4 Ne6 29. Bxe5 Re8 30. Rxg4+ Kf8 31. Rb2 1-0

[Event "?"]
[Site "?"]
[Date "????.??.??"]
[Round "?"]
[White "Jentsch, D."]
[Black "Vink, W."]
[Result "0-1"]
[WhiteElo "2196"]
[BlackElo "2141"]
[PlyCount "94"]

1. e4 c6 2. Nf3 d5 3. e5 Bf5 4. Nh4 Bd7 5. d4 e6 6. Nf3 c5 7. c3 Qb6 8. a3 Bb5
9. Bxb5+ Qxb5 10. b4 cxd4 11. Nxd4 Qd7 12. b5 Qc7 13. O-O Nd7 14. Re1 Ne7 15.
Bf4 Ng6 16. Bg3 h5 17. h3 Ngxe5 18. Qe2 Bd6 19. f4 Nc4 20. Nxe6 fxe6 21. Qxe6+
Kf8 22. Bh4 Rh6 23. Qxd5 Qc5+ 24. Qxc5 Bxc5+ 25. Kh2 Re8 26. Rxe8+ Kxe8 27. Ra2
Re6 28. g4 Re4 29. Bg3 hxg4 30. hxg4 Nf6 31. Kh3 Bd6 32. Rf2 Bxa3 33. g5 Nh5
34. Bh2 Bd6 35. Kg4 g6 36. Kf3 Re6 37. Ra2 Bc5 38. Kg4 Ng7 39. Bg3 Nf5 40. Bf2
Bxf2 41. Rxf2 Re3 42. Rf3 Re1 43. Rh3 Rxb1 44. Rh8+ Kf7 45. b6 Rxb6 46. Ra8 Rd6
47. Rc8 Nce3+ 0-1

[Event "?"]
[Site "?"]
[Date "????.??.??"]
[Round "?"]
[White "Niek, O."]
[Black "Durst, U."]
[Result "1/2-1/2"]
[WhiteElo "2085"]
[BlackElo "2130"]
[PlyCount "58"]

1. d4 f5 2. g3 Nf6 3. Bg2 e6 4. Nf3 b6 5. O-O Bb7 6. c4 Be7 7. Nc3 O-O 8. Qc2
Qe8 9. Bf4 Bd8 10. Rad1 d6 11. Bg5 Nbd7 12. d5 e5 13. e4 fxe4 14. Nxe4 Qh5 15.
Bxf6 Nxf6 16. Nxf6+ Bxf6 17. Nd2 Bc8 18. Ne4 Bf5 19. b4 a5 20. a3 axb4 21. axb4
Be7 22. Ra1 Qg6 23. Qe2 Bg4 24. Qe3 h5 25. c5 bxc5 26. bxc5 h4 27. cxd6 cxd6
28. h3 Bd7 29. g4 Bb5 1/2-1/2

[Event "?"]
[Site "?"]
[Date "????.??.??"]
[Round "?"]
[White "Wiemer, J."]
[Black "Wade, R J."]
[Result "1/2-1/2"]
[WhiteElo "2115"]
[BlackElo "2171"]
[PlyCount "46"]

1. e4 c5 2. Nc3 b6 3. g3 Bb7 4. Bg2 e6 5. d3 Nf6 6. Bf4 d6 7. Nge2 e5 8. Be3
Be7 9. O-O h5 10. h3 Nc6 11. Qd2 Nd4 12. f3 Qd7 13. Nd1 d5 14. Nf2 dxe4 15.
fxe4 Ne6 16. Rad1 Nh7 17. c3 Rd8 18. d4 cxd4 19. cxd4 exd4 20. Nxd4 Nxd4 21.
Qxd4 Qxd4 22. Rxd4 Rxd4 23. Bxd4 O-O 1/2-1/2

[Event "?"]
[Site "?"]
[Date "????.??.??"]
[Round "?"]
[White "Byway, P."]
[Black "Potthammel, J."]
[Result "1/2-1/2"]
[WhiteElo "2203"]
[BlackElo "2109"]
[PlyCount "99"]

1. d4 Nf6 2. Bf4 d5 3. e3 e6 4. Nf3 Be7 5. Ne5 Nbd7 6. Nd2 Nxe5 7. dxe5 Nd7 8.
c3 c5 9. Bd3 c4 10. Bc2 b5 11. Nf3 g5 12. Bg3 h5 13. h4 g4 14. Nd4 Qb6 15. O-O
f5 16. exf6 Bxf6 17. e4 e5 18. Nf5 Bb7 19. exd5 O-O-O 20. Ne3 Nc5 21. Bf5+ Kb8
22. b3 cxb3 23. axb3 Rd6 24. b4 Na6 25. Qb3 Rdd8 26. Rab1 Nc7 27. Rfd1 Ne8 28.
c4 bxc4 29. Nxc4 Qc7 30. Ne3 Nd6 31. Rbc1 Qe7 32. Rc5 Bxh4 33. Bxh4 Qxh4 34.
Qc3 g3 35. fxg3 Qxg3 36. Qe1 Nxf5 37. Nxf5 Qxe1+ 38. Rxe1 Rxd5 39. Rxd5 Bxd5
40. Rxe5 Bb7 41. Nd6 Kc7 42. Re7+ Kxd6 43. Rxb7 Ra8 44. Rb5 Rh8 45. Kh2 Kc6 46.
Rc5+ Kb6 47. Kh3 h4 48. Rg5 a6 49. Rg4 Kb5 50. Rd4 1/2-1/2

[Event "?"]
[Site "?"]
[Date "????.??.??"]
[Round "?"]
[White "Schroeder, C."]
[Black "James, Geoffrey"]
[Result "0-1"]
[WhiteElo "2055"]
[BlackElo "2201"]
[PlyCount "72"]

1. d4 Nf6 2. Nf3 b6 3. g3 Bb7 4. Bg2 e6 5. O-O Be7 6. c4 O-O 7. Nc3 Ne4 8. d5
Nxc3 9. bxc3 Bf6 10. Nd4 e5 11. Nb3 d6 12. Rb1 Ba6 13. Qd3 Nd7 14. e4 Bg5 15.
f4 Bh6 16. Bh3 Re8 17. Bxd7 Qxd7 18. fxe5 Bxc1 19. Rbxc1 Rxe5 20. Rf4 Rae8 21.
Rcf1 f6 22. Nd2 Rh5 23. R1f2 Qh3 24. Nf3 Bc8 25. Nd4 a5 26. Qf3 Rh6 27. Qg2
Qxg2+ 28. Kxg2 Rh5 29. Nb5 Re7 30. Nd4 Bd7 31. Nb5 Bh3+ 32. Kf3 Rhe5 33. Nd4
Bd7 34. Nb5 f5 35. Nxc7 g5 36. Rxf5 Bxf5 0-1

[Event "?"]
[Site "?"]
[Date "????.??.??"]
[Round "?"]
[White "Farrand, J."]
[Black "Kuehn, P."]
[Result "1-0"]
[WhiteElo "2166"]
[BlackElo "2048"]
[PlyCount "79"]

1. d4 f5 2. e4 fxe4 3. Nc3 Nf6 4. Bg5 c6 5. Bxf6 exf6 6. Nxe4 d5 7. Ng3 Bd6 8.
Bd3 O-O 9. Qf3 Re8+ 10. N1e2 Nd7 11. Nf5 Nf8 12. O-O-O Bxf5 13. Bxf5 a5 14. g4
a4 15. h4 a3 16. b3 Qa5 17. Rh3 Re7 18. g5 Rae8 19. gxf6 gxf6 20. Rg1+ Rg7 21.
Rxg7+ Kxg7 22. c3 Qc7 23. Kd2 Qe7 24. Rh1 Kh8 25. Rg1 Ne6 26. Bd3 Rg8 27. Re1
Qg7 28. Kc2 Qh6 29. Ng3 Qf4 30. Qh5 Nf8 31. Re2 c5 32. Qxd5 cxd4 33. Bc4 d3+
34. Kxd3 Rxg3+ 35. fxg3 Qxg3+ 36. Re3 Qg6+ 37. Qe4 f5 38. Qe8 Qg8 39. Re1 Qg3+
40. Qe3 1-0

[Event "?"]
[Site "?"]
[Date "????.??.??"]
[Round "?"]
[White "Liebert, H."]
[Black "Tchetchelnitski, B."]
[Result "1-0"]
[WhiteElo "2265"]
[BlackElo "2204"]
[PlyCount "77"]

1. c4 f5 2. Nf3 Nf6 3. g3 e6 4. Bg2 Be7 5. O-O O-O 6. d4 d6 7. Nc3 a5 8. b3 Na6
9. e3 Qe8 10. Ba3 Nb4 11. Bb2 Rb8 12. Qe2 Ne4 13. a3 Na6 14. Nd2 Nxd2 15. Qxd2
c6 16. Nd1 Bd8 17. Bc3 b6 18. f4 d5 19. Nf2 Bb7 20. Nd3 Be7 21. Rfc1 Bd6 22. c5
bxc5 23. Bxa5 Qe7 24. Ne5 Rfc8 25. Bf1 Ra8 26. Bxa6 Rxa6 27. dxc5 Bxc5 28. Bb4
Bxb4 29. axb4 c5 30. Rxa6 Bxa6 31. bxc5 Rxc5 32. Nc6 Qd6 33. Nd4 h6 34. Rxc5
Qxc5 35. Nxe6 Qb5 36. Qd1 Qc6 37. Nd4 Qd7 38. Qc2 Qe8 39. Kf2 1-0

[Event "?"]
[Site "?"]
[Date "????.??.??"]
[Round "?"]
[White "Schoene, A."]
[Black "Hamm, G."]
[Result "1-0"]
[WhiteElo "2187"]
[BlackElo "2166"]
[PlyCount "145"]

1. e4 c6 2. Nc3 g6 3. d4 Bg7 4. Be3 d6 5. Qd2 Nd7 6. a4 Ngf6 7. Nf3 e5 8. Bh6
Bxh6 9. Qxh6 Qe7 10. O-O-O a6 11. Bc4 b5 12. dxe5 dxe5 13. Ba2 Qf8 14. Qd2 Qe7
15. Ng5 Rf8 16. f3 Bb7 17. Qd6 Qxd6 18. Rxd6 h6 19. Nh3 O-O-O 20. axb5 axb5 21.
g4 Ne8 22. Rd2 Nb6 23. Rhd1 Rxd2 24. Rxd2 Kc7 25. f4 exf4 26. Nxf4 Nd6 27. Rf2
Re8 28. Nd3 Re7 29. e5 Ndc4 30. b3 Ne3 31. h3 Bc8 32. Kd2 Ned5 33. Nxd5+ cxd5
34. Kc3 Be6 35. Kd4 Bd7 36. Nb4 Bc6 37. Rf6 Bb7 38. Rd6 Re6 39. Rxe6 fxe6 40.
c3 Nd7 41. Bb1 g5 42. Bg6 Kd8 43. Bd3 Nf8 44. Bxb5 Ng6 45. Nd3 Nh4 46. Nc5 Bc8
47. Be2 Kc7 48. b4 Kb6 49. c4 dxc4 50. Kxc4 Ng6 51. Kd4 Nf4 52. Bf1 Ng6 53.
Na4+ Kc7 54. Nc5 Kb6 55. Ne4 Nh4 56. Nd6 Bd7 57. Nf7 Bc6 58. Bc4 Bg2 59. Bxe6
Bxh3 60. Nxh6 Bg2 61. Nf7 Nf3+ 62. Ke3 Kb5 63. Bd7+ Kb6 64. Bf5 Nh4 65. Nxg5
Bc6 66. Be4 Bd7 67. e6 Be8 68. Kf4 Kc7 69. Ke5 Ng6+ 70. Bxg6 Bxg6 71. Kf6 Be8
72. Nf7 Bc6 73. g5 1-0

[Event "?"]
[Site "?"]
[Date "????.??.??"]
[Round "?"]
[White "Samuelsson, S-G."]
[Black "Pape, M."]
[Result "1-0"]
[WhiteElo "2141"]
[BlackElo "2222"]
[PlyCount "101"]

1. d4 Nf6 2. c4 g6 3. g3 Bg7 4. Bg2 d6 5. Nf3 O-O 6. O-O Nc6 7. Nc3 Bd7 8. e4
e5 9. d5 Na5 10. c5 dxc5 11. Nxe5 Nxe4 12. Nxe4 Bxe5 13. Nxc5 Re8 14. Re1 Rb8
15. Bg5 f6 16. Rxe5 fxg5 17. Nxd7 Qxd7 18. Rxg5 Nc4 19. Qd4 Nd6 20. h4 Qg7 21.
Qxg7+ Kxg7 22. Rc1 Re7 23. Rg4 Rf8 24. Ra4 a6 25. Ra3 Rfe8 26. Rac3 Nb5 27. Rd3
Re1+ 28. Rxe1 Rxe1+ 29. Bf1 Ra1 30. a3 Kf6 31. Kg2 Ke5 32. Re3+ Kd6 33. Re8 Nd4
34. Rh8 Nc2 35. Bc4 b5 36. Be2 Nd4 37. Bf3 Nc2 38. g4 Ne1+ 39. Kg3 Nxf3 40.
Kxf3 h5 41. gxh5 gxh5 42. Rxh5 Rb1 43. Rg5 a5 44. h5 b4 45. axb4 axb4 46. Kg2
Re1 47. h6 Re7 48. Rh5 Rh7 49. Kf3 Ke7 50. Ke4 Kf6 51. Kd4 1-0

[Event "?"]
[Site "?"]
[Date "????.??.??"]
[Round "?"]
[White "Svensson, L."]
[Black "Grabitz, G."]
[Result "1-0"]
[WhiteElo "2165"]
[BlackElo "2065"]
[PlyCount "95"]

1. d4 g6 2. e4 Bg7 3. Nc3 d6 4. Be3 a6 5. Qd2 Nd7 6. Nf3 b5 7. a3 Bb7 8. Be2 c5
9. O-O cxd4 10. Bxd4 Ngf6 11. Bd3 O-O 12. Rfe1 e5 13. Be3 Qc7 14. Rad1 Rfe8 15.
Bh6 Rad8 16. Bxg7 Kxg7 17. Nh4 h6 18. Re3 Ng8 19. Rg3 Kh7 20. Rh3 Ndf6 21. f4
exf4 22. Qxf4 Qc5+ 23. Kh1 Qe5 24. Qf2 Rd7 25. Rf1 Nxe4 26. Qxf7+ Rxf7 27.
Rxf7+ Qg7 28. Rxg7+ Kxg7 29. Kg1 Nxc3 30. bxc3 Re6 31. Rg3 Ne7 32. c4 bxc4 33.
Bf5 Nxf5 34. Nxf5+ Kh7 35. Nd4 Re4 36. c3 Re5 37. Kf2 Kg7 38. Rg4 g5 39. h4 Kg6
40. Nf3 Bxf3 41. gxf3 d5 42. hxg5 Rxg5 43. Rh4 Re5 44. Rg4+ Kf5 45. Rg8 Re6 46.
Rd8 Ke5 47. Ke3 Rb6 48. Re8+ 1-0

[Event "?"]
[Site "?"]
[Date "????.??.??"]
[Round "?"]
[White "Hentzschel, E."]
[Black "Andersson, K."]
[Result "0-1"]
[WhiteElo "1954"]
[BlackElo "2142"]
[PlyCount "60"]

1. d4 d5 2. Nf3 Nf6 3. c4 c6 4. Nc3 Bf5 5. e3 e6 6. Bd3 Bg6 7. O-O Nbd7 8. Re1
Ne4 9. Bxe4 dxe4 10. Nd2 f5 11. Qb3 Qc7 12. f4 Rd8 13. c5 Bf7 14. Nc4 Nf6 15.
Ne5 Be7 16. Ne2 O-O 17. Ng3 g6 18. Qc2 Nd5 19. Nf1 Bf6 20. Nxf7 Rxf7 21. Bd2
Kh8 22. Kh1 Rg7 23. g3 g5 24. Qd1 Qf7 25. Qe2 gxf4 26. gxf4 Bh4 27. Ng3 Bxg3
28. hxg3 Rxg3 29. Rg1 Rh3+ 30. Kg2 Rf3 0-1

[Event "?"]
[Site "?"]
[Date "????.??.??"]
[Round "?"]
[White "Denda, R."]
[Black "Bondick, K H."]
[Result "1/2-1/2"]
[WhiteElo "2054"]
[BlackElo "2165"]
[PlyCount "100"]

1. e4 e5 2. Nf3 f5 3. Nxe5 Nc6 4. Qh5+ g6 5. Nxg6 Nf6 6. Qh4 Rg8 7. Nxf8 Rg4 8.
Qh6 Rxe4+ 9. Be2 Qe7 10. Nc3 Rxe2+ 11. Nxe2 Nd4 12. O-O Nxe2+ 13. Kh1 d6 14.
Qe3 Qxe3 15. dxe3 Nxc1 16. Nxh7 Nxh7 17. Raxc1 Be6 18. c4 O-O-O 19. Rfd1 Nf6
20. f3 Re8 21. Kg1 Nd7 22. Rd4 a5 23. b3 Nc5 24. Rc3 Rh8 25. h3 Kd7 26. Kh2 Ke7
27. a3 a4 28. b4 Nb3 29. Rf4 c5 30. g4 fxg4 31. fxg4 cxb4 32. axb4 Ra8 33. Rf2
Rc8 34. Rfc2 b6 35. Kg3 Bg8 36. e4 Kf6 37. Kf4 Nd4 38. Rd2 Ne6+ 39. Ke3 b5 40.
Rxd6 Ke7 41. c5 Nd8 42. Ra6 Nc6 43. Rb6 Bc4 44. Rxc4 bxc4 45. b5 Nb4 46. Kd4
Ra8 47. Rb7+ Ke6 48. Rb6+ Ke7 49. Rb7+ Ke6 50. Rb6+ Ke7 1/2-1/2

[Event "?"]
[Site "?"]
[Date "????.??.??"]
[Round "?"]
[White "Degenhardt, N."]
[Black "Reinholz, S."]
[Result "1/2-1/2"]
[WhiteElo "2134"]
[BlackElo "2081"]
[PlyCount "54"]

1. e4 e5 2. Nf3 Nc6 3. Bb5 Nf6 4. O-O Nxe4 5. Re1 Nd6 6. Nxe5 Nxe5 7. Rxe5+ Be7
8. Bf1 O-O 9. d4 Bf6 10. Re1 b6 11. Bf4 Nf5 12. c3 Ne7 13. Nd2 d5 14. Nf3 Ng6
15. Bg3 Bf5 16. Bd3 Bxd3 17. Qxd3 c6 18. Re2 Qd7 19. Rae1 Rfe8 20. h3 h6 21.
Be5 Bxe5 22. Nxe5 Nxe5 23. Rxe5 f6 24. R5e3 Rxe3 25. Rxe3 Re8 26. g4 Rxe3 27.
Qxe3 Kf7 1/2-1/2

[Event "?"]
[Site "?"]
[Date "????.??.??"]
[Round "?"]
[White "Wilson, P."]
[Black "Siegmund, R."]
[Result "0-1"]
[WhiteElo "2070"]
[BlackElo "2177"]
[PlyCount "110"]

1. f4 d5 2. e3 Nf6 3. Nf3 g6 4. d4 Bg7 5. Bd3 c5 6. c3 b6 7. O-O O-O 8. Ne5 Bb7
9. Nd2 Qc7 10. Qe1 Ne4 11. Qh4 e6 12. Ndf3 f6 13. Ng4 Nd7 14. Bd2 Rad8 15. Be1
c4 16. Bc2 b5 17. a3 Bc6 18. Nd2 h5 19. Nf2 f5 20. Nfxe4 dxe4 21. Qh3 Nf6 22.
Bh4 Nd5 23. Rfe1 Bf6 24. Bxf6 Nxf6 25. Nf1 a5 26. Ng3 Rb8 27. Reb1 b4 28. axb4
axb4 29. Nh1 Rb7 30. Qg3 Kg7 31. Qe1 Nd5 32. Nf2 Rfb8 33. h4 Rb6 34. Kf1 R8b7
35. Ke2 Qb8 36. g3 bxc3 37. bxc3 Rxb1 38. Rxb1 Rxb1 39. Bxb1 Qb2+ 40. Kf1 Nxc3
41. Nd1 Nxd1 42. Qxd1 c3 43. Qc2 Bb5+ 44. Ke1 Bd3 45. Qxb2 cxb2 46. Ba2 b1=Q+
47. Bxb1 Bxb1 48. Kd2 Ba2 49. Kc3 Kf6 50. Kb4 Ke7 51. Kc5 Kd7 52. Kb6 Kd6 53.
Kb7 Kd5 54. Kc7 Kc4 55. Kd6 Kd3 0-1

[Event "?"]
[Site "?"]
[Date "????.??.??"]
[Round "?"]
[White "Hampel, J."]
[Black "Smith, D."]
[Result "1-0"]
[WhiteElo "2194"]
[BlackElo "2009"]
[PlyCount "59"]

1. d4 Nf6 2. c4 e6 3. Nc3 c5 4. d5 exd5 5. cxd5 d6 6. e4 g6 7. Nf3 Bg7 8. Be2
O-O 9. Bg5 a6 10. a4 Qc7 11. Nd2 Re8 12. O-O Nbd7 13. f4 h6 14. Bh4 b6 15. Qc2
Bb7 16. Nc4 Nh7 17. Bf3 Rab8 18. Bg3 Ba8 19. f5 Ne5 20. Qe2 Bb7 21. fxg6 fxg6
22. Bg4 Nf8 23. Nxe5 Bxe5 24. Bxe5 Rxe5 25. Rf6 Rbe8 26. Raf1 Qd8 27. Qd2 Rf5
28. Rxg6+ Nxg6 29. exf5 Ne5 30. Qxh6 1-0

[Event "?"]
[Site "?"]
[Date "????.??.??"]
[Round "?"]
[White "Pemberton, C."]
[Black "Dorawa, B."]
[Result "1/2-1/2"]
[WhiteElo "1942"]
[BlackElo "2110"]
[PlyCount "137"]

1. e4 c5 2. d4 cxd4 3. Nf3 d6 4. Bc4 Qc7 5. Qe2 Nc6 6. c3 d3 7. Qxd3 g6 8. Bf4
Bg7 9. Na3 a6 10. O-O Nf6 11. Rfe1 Ng4 12. Qe2 Nge5 13. Nxe5 Nxe5 14. Bd5 O-O
15. h3 Bd7 16. Rad1 Rac8 17. Be3 b5 18. f4 Nc4 19. Nxc4 bxc4 20. e5 dxe5 21.
fxe5 Bf5 22. Bd4 Bd3 23. Qe3 e6 24. Bb6 Qe7 25. Be4 Bxe4 26. Qxe4 Qe8 27. Qd4
Qb5 28. Rd2 Rc6 29. Bd8 Qb7 30. Rf2 Rc8 31. Bg5 Rc7 32. Rd1 Re8 33. Kh1 h6 34.
Bh4 Qb5 35. Re2 Rc5 36. Bg3 Rd5 37. Qg1 Red8 38. Rf1 Bxe5 39. Qa7 R5d7 40. Qe3
Bxg3 41. Qxg3 Rd1 42. Rxd1 Rxd1+ 43. Kh2 Qd5 44. Re5 Qd6 45. Re3 Qxg3+ 46. Kxg3
Rd2 47. Re4 Rxb2 48. a4 Rd2 49. Rxc4 Rd5 50. Kf4 Kf8 51. Ke4 f5+ 52. Ke3 Ke7
53. Rb4 e5 54. Rb7+ Rd7 55. Rb6 Rd6 56. Rb7+ Ke6 57. c4 Rc6 58. Kd3 Kd6 59. Rh7
h5 60. Kc3 Kc5 61. Rh8 e4 62. Re8 Rd6 63. Rc8+ Rc6 64. Re8 Rc7 65. Re6 Rc6 66.
Re8 Kb6 67. Kb4 a5+ 68. Kc3 Rd6 69. Rb8+ 1/2-1/2

[Event "?"]
[Site "?"]
[Date "????.??.??"]
[Round "?"]
[White "Schroeter, H."]
[Black "Macgilchrist, S."]
[Result "1-0"]
[WhiteElo "2033"]
[BlackElo "1842"]
[PlyCount "99"]

1. Nf3 Nf6 2. g3 e6 3. Bg2 d5 4. O-O c5 5. d3 Nc6 6. c4 dxc4 7. Qa4 cxd3 8. Ne5
Bd7 9. Nxc6 Bxc6 10. Bxc6+ bxc6 11. Qxc6+ Nd7 12. exd3 Be7 13. Nc3 O-O 14. Be3
Rc8 15. Qe4 Nf6 16. Qc4 Nd5 17. Nxd5 Qxd5 18. Qxd5 exd5 19. Rac1 c4 20. dxc4
Rxc4 21. Rxc4 dxc4 22. Rc1 Rc8 23. Bxa7 Bf6 24. b3 c3 25. Rc2 Rd8 26. Kf1 Rd1+
27. Ke2 Rb1 28. Bc5 g6 29. b4 Rb2 30. Kd3 Rb1 31. a4 Rd1+ 32. Ke2 Rd5 33. a5
Re5+ 34. Kd3 Rd5+ 35. Kc4 Rd1 36. a6 Ra1 37. a7 Be7 38. Bxe7 Rxa7 39. Bc5 Rb7
40. Rxc3 f5 41. b5 Kf7 42. Re3 h5 43. b6 Rb8 44. Kb5 g5 45. Re7+ Kf6 46. b7 f4
47. Kc6 fxg3 48. fxg3 h4 49. gxh4 gxh4 50. Kc7 1-0